|
|
|
|
| LEADER |
01329nam a22003374a 4500 |
| 001 |
5314 |
| 003 |
BD-DhAAL |
| 005 |
20190217102430.0 |
| 008 |
150908s2001 caua sb 000 0 eng |
| 999 |
|
|
|c 35465
|d 35465
|
| 010 |
|
|
|z 2001087418
|
| 020 |
|
|
|a 8176495654
|
| 020 |
|
|
|z 1560526114 (pbk.)
|
| 035 |
|
|
|a (CaPaEBR)ebr10057987
|
| 035 |
|
|
|a (NNC)5379176
|
| 040 |
|
|
|a CaPaEBR
|c CaPaEBR
|d BD-DhAAL
|
| 050 |
1 |
4 |
|a HF5549.12
|b .C665 2001eb
|
| 082 |
0 |
4 |
|a 658.302
|2 21
|
| 100 |
1 |
|
|a Conlow, Rick.
|9 14455
|
| 245 |
1 |
0 |
|a Excellence in supervision :
|b essential skills for the new supervisor /
|c Rick Conlow.
|
| 260 |
|
|
|a Menlo Park, Calif. :
|a Viva Books :
|b Crisp Learning,
|b New Delhi,
|c 2004.
|
| 300 |
|
|
|a viii, 112 pages :
|b illustrations ;
|c 22 cm.
|
| 490 |
1 |
|
|a A Fifty-minute series book
|
| 504 |
|
|
|a Includes bibliographical references (p. 109).
|
| 533 |
|
|
|a Electronic reproduction.
|b Palo Alto, Calif. :
|c ebrary,
|d 2004.
|n Available via World Wide Web.
|n Access may be limited to ebrary affiliated libraries.
|
| 583 |
|
|
|e 5314
|
| 650 |
|
0 |
|a Supervision of employees.
|9 7453
|
| 710 |
2 |
|
|a ebrary, Inc.
|9 13078
|
| 830 |
|
0 |
|a Fifty-Minute series.
|9 14457
|
| 942 |
|
|
|2 ddc
|c BK
|
| 952 |
|
|
|0 0
|1 0
|2 ddc
|4 0
|6 658_300000000000000_02_CON
|7 0
|9 55776
|a SCL
|b SCL
|c GEN
|d 2015-09-08
|g 187.00
|l 0
|o 658.302 CON
|p 3020005314
|r 2015-09-08
|t 1
|w 2015-09-08
|y BK
|